000 00980nam a2200205Ia 4500
999 _c38328
_d38328
001 4338
003 GE_BSU
005 20191003124219.0
008 181216s1974||||ge |||||||||||||| ||geo||
040 _cGE_BSU
041 _ageo
080 _a37.01(479.22) გ–14
100 _aგაგუა, ვ.
_94471
245 _aსახალხო განათლება მე-19 საუკუნის რეფორმის შემდგომ საქართველოში :
_bდამხმ. სახელმძღვ. პედ. ინ-ტების სტუდ.
_cრედ. ი.ხუციშვილი.
264 _aთბლისი :
_bგანათლება,
_c1974.
300 _a322 გვ. ;
_b22 სმ.
653 _a სახალხო განათლების ისტორია საქართველოში
700 _aხუციშვილი, ი.
_eრედაქტორი
_94472
942 _cBK
_2udc